NRJ Music Awards 2008 - Les gagnants - Statistiques

Statistiques générales
  • Ce quiz a été pris 6 fois
  • Le résultat moyen est 3 sur 16
Statistiques - réponses
Hint Réponse % Correct
NMA d'honneur (féminine Canadienne) Céline Dion
100%
Artiste masculin français Christophe Mae
40%
Artiste féminine française Jenifer
40%
NMA d'honneur (féminine Australienne) Kylie Minogue
40%
NMA d'honneur (masculin Etats-Unien) Michael Jackson
40%
Artiste féminine internationale Avril Lavigne
0%
Album international Blackout (Britney Spears)
0%
Révélation française Christophe Willem
0%
Chanson internationale Don't stop the music (Rihanna)
0%
Album français Inventaire (Christophe Willem)
0%
Artiste masculin international Justin Timberlake
0%
Révélation internationale Mika
0%
Chanson française On s'attache (Christophe Mae)
0%
Clip de l'année Parle à ma main (Fatal Bazooka feat Yelle)
0%
Groupe/duo français Superbus
0%
Groupe/duo international Tokio Hotel
0%
Aucun quiz correspondant
Distribution des résultats
% des personnes avec chaque résultat
Percentile par nombre de réponses
Votre historique - résultats
Vous n’avez pas pris ce quiz